00513nam a2200145Ia 4500008004100000245013600041260001700177260000900194300000800203650002300211650001200234856002900246999001900275952007300294170516s9999 xx 000 0 und d aBo Zheng, Marc P. von See, Elaine Yu, Beliz Gunel, Kuan Lu, Tandis Vazin, David V. Schaffer, Patrick W. Goodwill, Steven M. Conolly bTheranostics c2016 a6:3 xMedical Technology xMedtech uhttp://www.thno.org/v6i3 c330051d330051 001040aCLbCLd2017-05-16l0r2017-05-16 00:00:00w2017-05-16yFOJ